[Event "EWICC 2019"]
[Site "Antalya"]
[Date "2019.04.15"]
[Round "5.62"]
[White "Semenova, Elena"]
[Black "Demirtas, Hafize"]
[Result "1-0"]
[WhiteElo "2216"]
[BlackElo "1888"]
[Annotator "NA"]
[PlyCount "99"]
[EventDate "2019.04.11"]
[EventType "swiss"]
[EventCountry "TUR"]
[SourceTitle "playchess.com"]
[Source "ChessBase"]
[SourceQuality "1"]

1. e4 c5 2. Nf3 Nc6 3. Bb5 g6 4. Bxc6 dxc6 5. d3 Bg7 6. h3 e5 7. a4 a5 8. Na3 Be6 9. Be3 b6 10. Ng5 Bc8 11. Nc4 h6 12. Nf3 Qc7 13. b4 b5 14. axb5 cxb5 15. Nxa5 cxb4 16. Nb3 Rxa1 17. Nxa1 Ne7 18. Qd2 Qc3 19. O-O Nc6 20. Nb3 Be6 21. Nc5 Nd4 22. Nxe6 fxe6 23. Qxc3 bxc3 24. Bxd4 exd4 25. Rb1 Kd7 26. Rxb5 Kc6 27. Ra5 Kb6 28. Ra4 e5 29. Kf1 g5 30. Ke2 Bf6 31. Nh2 Be7 32. Ng4 Bd6 33. Ra1 h5 34. Nf6 Rh6 35. Nd5+ Kc6 36. Ra6+ Kd7 37. Nb6+ Kc7 38. Nc4 Re6 39. g3 Kd7 40. Rxd6+ Rxd6 41. Nxd6 Kxd6 42. f4 gxf4 43. gxf4 exf4 44. Kf3 Kc5 45. e5 Kb4 46. e6 Ka3 47. e7 Kb2 48. e8=Q Kxc2 49. Qe4 Kc1 50. Qxf4+ 1-0

[Event "EWICC 2019"]
[Site "Antalya"]
[Date "2019.04.15"]
[Round "5.63"]
[White "Nemcova, Karin"]
[Black "Hapala, Elisabeth"]
[Result "0-1"]
[WhiteElo "2066"]
[BlackElo "2140"]
[Annotator "TA"]
[PlyCount "46"]
[EventDate "2019.04.11"]
[EventType "swiss"]
[EventCountry "TUR"]
[SourceTitle "playchess.com"]
[Source "ChessBase"]
[SourceQuality "1"]

1. e4 e5 2. Nf3 Nc6 3. d4 exd4 4. Nxd4 Nf6 5. Nxc6 bxc6 6. e5 Nd5 7. c4 Ne7 8. Nc3 Ng6 9. Qe2 Bb4 10. f4 O-O 11. Qf2 f6 12. Bd3 fxe5 13. Bxg6 hxg6 14. O-O exf4 15. Qd4 g5 16. Nd5 Be7 17. Nxe7+ Qxe7 18. h4 Bb7 19. hxg5 c5 20. Qf2 Qxg5 21. Bd2 Rf6 22. Rae1 Raf8 23. Re2 Qh5 0-1

[Event "EWICC 2019"]
[Site "Antalya"]
[Date "2019.04.15"]
[Round "5.64"]
[White "Alexanian, Nelli"]
[Black "Duran, Esma Doga"]
[Result "0-1"]
[WhiteElo "2043"]
[BlackElo "2131"]
[Annotator "NA"]
[PlyCount "48"]
[EventDate "2019.04.11"]
[EventType "swiss"]
[EventCountry "TUR"]
[SourceTitle "playchess.com"]
[Source "ChessBase"]
[SourceQuality "1"]

1. d4 Nf6 2. c4 e6 3. Nc3 Bb4 4. a3 Bxc3+ 5. bxc3 b6 6. f3 Nc6 7. e4 Ba6 8. e5 Ng8 9. Bd3 Na5 10. Qa4 c5 11. Be3 Qc7 12. Rc1 Rc8 13. dxc5 Qxe5 14. Kf2 Rxc5 15. Bd4 Qg5 16. f4 Qxf4+ 17. Nf3 Nf6 18. g3 Qd6 19. Rhd1 Bxc4 20. Bxc4 Rxc4 21. Bxf6 Qc5+ 22. Bd4 Rxa4 23. Bxc5 bxc5 24. Rd6 Nc4 0-1

[Event "EWICC 2019"]
[Site "Antalya"]
[Date "2019.04.16"]
[Round "6.1"]
[White "Kashlinskaya, Alina"]
[Black "Guichard, Pauline"]
[Result "1-0"]
[WhiteElo "2477"]
[BlackElo "2392"]
[Annotator "ChessBase"]
[PlyCount "97"]
[EventDate "2019.04.11"]
[EventType "swiss"]
[EventCountry "TUR"]
[SourceTitle "playchess.com"]
[Source "ChessBase"]
[SourceQuality "1"]

1. d4 Nf6 2. c4 g6 3. Nc3 Bg7 4. e4 d6 5. h3 O-O 6. Be3 Nbd7 7. g4 e5 8. d5 Nc5 9. f3 a5 10. Qd2 c6 11. Nge2 cxd5 12. cxd5 Bd7 13. Ng3 a4 14. h4 Qa5 15. h5 a3 16. b4 Qxb4 17. Rb1 Qa5 18. h6 Bh8 19. Nf5 Bxf5 20. gxf5 Nfd7 21. Nb5 Qb6 22. Bh3 Qd8 23. Nxd6 Qe7 24. Nb5 Bf6 25. d6 Bh4+ 26. Ke2 Qf6 27. Nc7 Rac8 28. Rbc1 b6 29. Bg4 Kh8 30. Nd5 Qd8 31. f6 Bg3 32. Ne7 Ra8 33. Rh3 Bf4 34. Bxf4 exf4 35. Qxf4 Ra4 36. Rc3 Qa8 37. Bxd7 Qa6+ 38. Kf2 Nxd7 39. Rh1 Rb4 40. Kg3 Rb2 41. Qe3 b5 42. Rc6 Qa5 43. Rhc1 b4 44. Nd5 Qa8 45. Nb6 Qe8 46. Nxd7 Qxd7 47. Qc5 Rd2 48. Rc8 Rd8 49. e5 1-0

[Event "EWICC 2019"]
[Site "Antalya"]
[Date "2019.04.16"]
[Round "6.2"]
[White "Gaponenko, Inna"]
[Black "Khotenashvili, Bela"]
[Result "1/2-1/2"]
[WhiteElo "2428"]
[BlackElo "2479"]
[Annotator "ChessBase"]
[PlyCount "76"]
[EventDate "2019.04.11"]
[EventType "swiss"]
[EventCountry "TUR"]
[SourceTitle "playchess.com"]
[Source "ChessBase"]
[SourceQuality "1"]

1. e4 c6 2. d4 d5 3. exd5 cxd5 4. Nf3 Nf6 5. Ne5 g6 6. Bb5+ Nbd7 7. O-O Bg7 8. c3 O-O 9. Nf3 Nb8 10. Nbd2 a6 11. Bd3 Nc6 12. Re1 Qc7 13. Nf1 Re8 14. Bg5 b5 15. Qd2 Bg4 16. Bf4 Qc8 17. Ne5 Nxe5 18. Bxe5 Bf5 19. Ne3 Bxd3 20. Qxd3 Qd7 21. h3 a5 22. a3 Rec8 23. a4 bxa4 24. Qc2 e6 25. Rxa4 Ne4 26. Bxg7 Kxg7 27. Rea1 Qd8 28. Ng4 h5 29. Ne5 Qb6 30. Qc1 Ra7 31. R1a2 Rcc7 32. Qf4 Qb5 33. f3 Nf6 34. g4 hxg4 35. hxg4 Qe2 36. Qc1 Qb5 37. Qf4 Qe2 38. Qc1 Qb5 1/2-1/2

[Event "EWICC 2019"]
[Site "Antalya"]
[Date "2019.04.16"]
[Round "6.3"]
[White "Salimova, Nurgyul"]
[Black "Sebag, Marie"]
[Result "0-1"]
[WhiteElo "2415"]
[BlackElo "2461"]
[Annotator "TA"]
[PlyCount "206"]
[EventDate "2019.04.11"]
[EventType "swiss"]
[EventCountry "TUR"]
[SourceTitle "playchess.com"]
[Source "ChessBase"]
[SourceQuality "1"]

1. e4 c5 2. Nf3 d6 3. d4 cxd4 4. Nxd4 Nf6 5. Nc3 a6 6. Bg5 e6 7. f4 h6 8. Bh4 Qb6 9. a3 Be7 10. Bf2 Qc7 11. Qf3 Nbd7 12. O-O-O b5 13. g4 Bb7 14. Bg2 g5 15. h4 gxf4 16. g5 Ne5 17. Qxf4 hxg5 18. hxg5 Rxh1 19. Rxh1 Nfd7 20. Bh3 Ng6 21. Qg3 O-O-O 22. Bxe6 fxe6 23. Nxe6 Qc4 24. Nxd8 Kxd8 25. Qe3 Qc5 26. Qe2 Qxg5+ 27. Kb1 Qe5 28. Qg4 Qf4 29. Qxf4 Nxf4 30. Bg3 Ng6 31. Rd1 Nge5 32. Rd4 Nf3 33. Rd1 Nfe5 34. Rd4 Nf3 35. Rd1 Kc7 36. Rd3 Nde5 37. Bxe5 Nxe5 38. Nd5+ Kd7 39. Rd1 Ng4 40. Nxe7 Kxe7 41. Rg1 Ne5 42. Rg7+ Nf7 43. Rg4 Kf6 44. Kc1 Ng5 45. Kd2 Bxe4 46. Kc3 a5 47. Rf4+ Bf5 48. b3 Ke5 49. Rh4 Ne6 50. Rh8 Nd4 51. Ra8 Bxc2 52. Rxa5 Bxb3 53. Ra8 Ba4 54. Rh8 d5 55. Rh1 Ne2+ 56. Kd3 Nf4+ 57. Kd2 d4 58. Re1+ Kd5 59. Rf1 Ne6 60. Rf5+ Kc4 61. Rf1 Nc5 62. Rc1+ Kd5 63. Rg1 Bb3 64. Rg5+ Kc4 65. Rg4 Na4 66. Rg8 Nb6 67. Rg5 Ba4 68. Rg6 Nd7 69. Rc6+ Kd5 70. Rc8 Ne5 71. Rd8+ Ke4 72. Re8 b4 73. Ra8 Bc6 74. Ra6 Bb5 75. Ra8 bxa3 76. Kc2 Nc4 77. Kb3 d3 78. Rd8 d2 79. Rxd2 Nxd2+ 80. Kxa3 Kd4 81. Kb2 Ba4 82. Ka3 Bc2 83. Kb2 Kd3 84. Kc1 Nb3+ 85. Kb2 Kd2 86. Ka3 Kc3 87. Ka2 Bd3 88. Ka3 Nd4 89. Ka2 Nc2 90. Kb1 Bc4 91. Kc1 Ba2 92. Kd1 Nd4 93. Ke1 Kd3 94. Kf2 Ne2 95. Kf3 Be6 96. Kf2 Bd5 97. Ke1 Ke3 98. Kf1 Nf4 99. Ke1 Bf3 100. Kf1 Be2+ 101. Kg1 Kf3 102. Kh1 Kg3 103. Kg1 Nh3+ 0-1

[Event "EWICC 2019"]
[Site "Antalya"]
[Date "2019.04.16"]
[Round "6.4"]
[White "Danielian, Elina"]
[Black "Ushenina, Anna"]
[Result "1/2-1/2"]
[WhiteElo "2413"]
[BlackElo "2432"]
[Annotator "NA"]
[PlyCount "108"]
[EventDate "2019.04.11"]
[EventType "swiss"]
[EventCountry "TUR"]
[SourceTitle "playchess.com"]
[Source "ChessBase"]
[SourceQuality "1"]

1. d4 d5 2. c4 e6 3. Nc3 Nf6 4. cxd5 exd5 5. Bg5 c6 6. Qc2 Be6 7. e3 h6 8. Bh4 Nbd7 9. Bd3 g5 10. Bg3 Nh5 11. Nge2 Nxg3 12. hxg3 Qe7 13. a3 Bg7 14. b4 a5 15. Rb1 axb4 16. axb4 Nb6 17. O-O O-O 18. Rfe1 Ra3 19. Bh7+ Kh8 20. Bf5 Bxf5 21. Qxf5 Nc4 22. b5 Qe6 23. g4 Nd6 24. Qxe6 fxe6 25. bxc6 bxc6 26. Rb6 Rc8 27. Reb1 Kg8 28. Rb8 Ra8 29. Rxa8 Rxa8 30. Rb6 Rc8 31. Ra6 Rc7 32. Na4 e5 33. Nc5 Kf7 34. f3 exd4 35. Nxd4 Bxd4 36. exd4 Nb5 37. Nb3 Kg7 38. Kf2 Ra7 39. Rxa7+ Nxa7 40. Ke3 Nc8 41. Na5 Ne7 42. Kd3 Kf6 43. Nb7 Ng6 44. g3 Ke7 45. Ke3 Nf8 46. Nc5 Kd6 47. f4 Nh7 48. Nd3 Nf6 49. Ne5 c5 50. Nf7+ Ke6 51. Nxh6 cxd4+ 52. Kxd4 gxf4 53. gxf4 Nxg4 54. Nxg4 Kf5 1/2-1/2

[Event "EWICC 2019"]
[Site "Antalya"]
[Date "2019.04.16"]
[Round "6.5"]
[White "Goryachkina, Aleksandra"]
[Black "Balajayeva, Khanim"]
[Result "1-0"]
[WhiteElo "2534"]
[BlackElo "2358"]
[Annotator "ChessBase"]
[PlyCount "135"]
[EventDate "2019.04.11"]
[EventType "swiss"]
[EventCountry "TUR"]
[SourceTitle "playchess.com"]
[Source "ChessBase"]
[SourceQuality "1"]

1. d4 d5 2. c4 e6 3. Nc3 Nf6 4. cxd5 exd5 5. Bg5 Nbd7 6. e3 Be7 7. Bd3 O-O 8. Nf3 c6 9. Qc2 Re8 10. O-O Nf8 11. h3 Ne4 12. Bf4 Nxc3 13. bxc3 Bd6 14. Bxd6 Qxd6 15. c4 dxc4 16. Bxc4 Be6 17. Bd3 h6 18. Rfe1 Rad8 19. a4 Bc8 20. Rab1 Re7 21. Rec1 Ne6 22. Bh7+ Kf8 23. Bf5 g6 24. Bd3 c5 25. Bc4 cxd4 26. Qb2 Ng5 27. Nxd4 Qf6 28. Nb5 Qxb2 29. Rxb2 a6 30. Nd4 Ne6 31. Bxe6 Bxe6 32. Nxe6+ fxe6 33. Rcb1 Rdd7 34. Rb6 h5 35. R1b4 Kf7 36. Kh2 Kf6 37. Kg3 Rc7 38. h4 Kg7 39. Re4 Kf6 40. f3 Rc2 41. Rf4+ Kg7 42. Rfb4 Rcc7 43. Kf4 Kf6 44. g4 hxg4 45. fxg4 Kf7 46. g5 Red7 47. Re4 Re7 48. Kf3 Rc1 49. Reb4 Rcc7 50. Ke4 a5 51. Rb1 Rc4+ 52. Ke5 Rxa4 53. e4 Rc4 54. R1b5 Rcc7 55. Rxa5 Rc1 56. Ra7 Rc5+ 57. Kd4 Rcc7 58. Rb5 Red7+ 59. Ke5 Ke7 60. Ra8 Kf7 61. Rh8 Kg7 62. Re8 Re7 63. Rxe7+ Rxe7 64. Kd6 Kf8 65. e5 Ke8 66. Ra5 Rh7 67. Kxe6 Kf8 68. Kf6 1-0

[Event "EWICC 2019"]
[Site "Antalya"]
[Date "2019.04.16"]
[Round "6.6"]
[White "Arakhamia-Grant, Ketevan"]
[Black "Paehtz, Elisabeth"]
[Result "1/2-1/2"]
[WhiteElo "2360"]
[BlackElo "2456"]
[Annotator "ChessBase"]
[PlyCount "97"]
[EventDate "2019.04.11"]
[EventType "swiss"]
[EventCountry "TUR"]
[SourceTitle "playchess.com"]
[Source "ChessBase"]
[SourceQuality "1"]

1. e4 e6 2. d4 d5 3. Nc3 Nf6 4. e5 Nfd7 5. f4 c5 6. Nf3 Nc6 7. Be3 Be7 8. Qd2 O-O 9. Be2 b6 10. O-O f5 11. exf6 Nxf6 12. Kh1 Bd6 13. Ne5 Bb7 14. Bf3 Rc8 15. Rad1 Ne7 16. Rfe1 Nf5 17. Bf2 cxd4 18. Bxd4 Bc5 19. Bxc5 bxc5 20. Qf2 Qc7 21. Rd2 d4 22. Ne4 Bxe4 23. Bxe4 Nxe4 24. Rxe4 Qb7 25. Re1 Qxb2 26. c4 Qb7 27. Rb2 Qe7 28. h3 Nd6 29. Qf3 Qh4 30. g3 Qe7 31. Kh2 Qc7 32. h4 Rb8 33. Rbe2 Rb6 34. h5 Nf5 35. Ng4 Qf7 36. Kg1 Rfb8 37. Re5 Rc8 38. R5e2 Rcb8 39. Re5 Rc8 40. h6 Qg6 41. Rxc5 Rxc5 42. Qa8+ Kf7 43. Qxa7+ Ne7 44. Qxb6 Qxg4 45. Qxc5 Qxg3+ 46. Kf1 Qxf4+ 47. Kg2 Qd2+ 48. Kf1 Qf4+ 49. Kg2 1/2-1/2

[Event "EWICC 2019"]
[Site "Antalya"]
[Date "2019.04.16"]
[Round "6.7"]
[White "Atalik, Ekaterina"]
[Black "Zhukova, Natalia"]
[Result "1-0"]
[WhiteElo "2455"]
[BlackElo "2356"]
[Annotator "ChessBase"]
[PlyCount "123"]
[EventDate "2019.04.11"]
[EventType "swiss"]
[EventCountry "TUR"]
[SourceTitle "playchess.com"]
[Source "ChessBase"]
[SourceQuality "1"]

1. d4 Nf6 2. c4 e6 3. Nc3 Bb4 4. Nf3 O-O 5. Bf4 d5 6. e3 dxc4 7. Bxc4 Nd5 8. Rc1 Bxc3+ 9. bxc3 Nxf4 10. exf4 b6 11. O-O Bb7 12. Qe2 Nd7 13. Rfd1 Nf6 14. Bb3 Qd6 15. Ne5 c5 16. Qe3 Rac8 17. dxc5 Qxc5 18. Qxc5 Rxc5 19. f3 Rc7 20. c4 Rfc8 21. Rd4 h5 22. Rcd1 g6 23. Kf2 Kg7 24. Ke3 Ng8 25. g4 Ne7 26. Rd7 f6 27. Rxc7 Rxc7 28. Nd3 Ba6 29. Nb2 Nc6 30. Rd6 hxg4 31. fxg4 e5 32. Nd3 Bc8 33. fxe5 Nxe5 34. Nxe5 fxe5 35. h3 Re7 36. Bc2 Be6 37. h4 Bf7 38. g5 Rc7 39. Bd3 e4 40. Bxe4 Rxc4 41. Rd7 Rc5 42. Rxa7 Kf8 43. Kd4 Rb5 44. a3 Rc5 45. Ra6 Rb5 46. Ra4 Kg7 47. Ra7 Kf8 48. Bd3 Rd5+ 49. Ke3 Re5+ 50. Kf4 Rc5 51. Ra6 Rc3 52. Ke4 Be8 53. Ra7 Rc1 54. Ke5 Rc5+ 55. Kd4 Rc1 56. Be4 Rc5 57. Ra6 Kg7 58. Rxb6 Ra5 59. Rb8 Ra4+ 60. Ke5 Kf7 61. Bd5+ Ke7 62. Rxe8+ 1-0

[Event "EWICC 2019"]
[Site "Antalya"]
[Date "2019.04.16"]
[Round "6.8"]
[White "Milliet, Sophie"]
[Black "Pogonina, Natalija"]
[Result "1/2-1/2"]
[WhiteElo "2394"]
[BlackElo "2455"]
[Annotator "ChessBase"]
[PlyCount "106"]
[EventDate "2019.04.11"]
[EventType "swiss"]
[EventCountry "TUR"]
[SourceTitle "playchess.com"]
[Source "ChessBase"]
[SourceQuality "1"]

1. e4 e5 2. Nf3 Nc6 3. Bc4 Bc5 4. d3 Nf6 5. O-O d6 6. c3 a6 7. a4 h6 8. Nbd2 O-O 9. Re1 Be6 10. Bxe6 fxe6 11. b4 Ba7 12. Nf1 Nh5 13. Be3 Bxe3 14. Rxe3 Qe8 15. b5 Na5 16. Rb1 b6 17. N1d2 axb5 18. axb5 Nf4 19. Qf1 Qh5 20. h4 Rf6 21. g3 Raf8 22. gxf4 exf4 23. Ree1 g5 24. Kh1 g4 25. Qg2 Rg6 26. e5 gxf3 27. Qxg6+ Qxg6 28. Rg1 Kf7 29. Rxg6 Kxg6 30. Nxf3 dxe5 31. Nxe5+ Kf5 32. Re1 Rg8 33. Nf3 Kf6 34. Re4 Rg4 35. Kh2 Nb7 36. Kh3 h5 37. Nh2 Rg1 38. Rxf4+ Ke7 39. Nf3 Rd1 40. Rc4 Kd8 41. Ne5 Nd6 42. Rd4 Ke8 43. Rf4 Nxb5 44. c4 Nd6 45. Rf6 Ke7 46. Rh6 Nf5 47. Rxh5 Kd6 48. f4 Rh1+ 49. Kg4 Rg1+ 50. Kf3 Rf1+ 51. Kg4 Rg1+ 52. Kf3 Rf1+ 53. Kg4 Rg1+ 1/2-1/2

[Event "EWICC 2019"]
[Site "Antalya"]
[Date "2019.04.16"]
[Round "6.9"]
[White "Mammadzada, Gunay"]
[Black "Brunello, Marina"]
[Result "1/2-1/2"]
[WhiteElo "2438"]
[BlackElo "2356"]
[Annotator "NA"]
[PlyCount "68"]
[EventDate "2019.04.11"]
[EventType "swiss"]
[EventCountry "TUR"]
[SourceTitle "playchess.com"]
[Source "ChessBase"]
[SourceQuality "1"]

1. e4 e5 2. Nf3 Nf6 3. Nxe5 d6 4. Nf3 Nxe4 5. Bd3 Nf6 6. O-O Be7 7. c3 Bg4 8. Bc2 O-O 9. d4 c5 10. Qd3 Nc6 11. Bg5 g6 12. Na3 Kg7 13. h3 Bxf3 14. Qxf3 h6 15. Be3 cxd4 16. cxd4 d5 17. Qf4 Ng8 18. Bb3 Nb4 19. Nb5 Qa5 20. Nc3 Rad8 21. Rad1 Rd7 22. Rfe1 Rfd8 23. h4 h5 24. Bc1 Bf6 25. Re3 Qb6 26. Rf3 Qe6 27. Rg3 Ne7 28. a3 Nbc6 29. Bc2 Kf8 30. Be3 Qd6 31. Qh6+ Bg7 32. Qg5 Bf6 33. Qh6+ Bg7 34. Qg5 Bf6 1/2-1/2

[Event "EWICC 2019"]
[Site "Antalya"]
[Date "2019.04.16"]
[Round "6.10"]
[White "Tsolakidou, Stavroula"]
[Black "Solozhenkina, Elizaveta"]
[Result "1-0"]
[WhiteElo "2429"]
[BlackElo "2330"]
[Annotator "TA"]
[PlyCount "139"]
[EventDate "2019.04.11"]
[EventType "swiss"]
[EventCountry "TUR"]
[SourceTitle "playchess.com"]
[Source "ChessBase"]
[SourceQuality "1"]

1. e4 c6 2. d4 d5 3. exd5 cxd5 4. Bd3 Nc6 5. c3 Qc7 6. Na3 a6 7. Nc2 Nf6 8. h3 g6 9. Ne2 Bg7 10. Bf4 Qd8 11. O-O O-O 12. Ng3 Re8 13. Re1 Bd7 14. Qd2 Rc8 15. Re3 Na5 16. b3 Qb6 17. Rae1 Qd8 18. Bf1 Nc6 19. Rc1 h6 20. Ree1 g5 21. Be3 e6 22. Bd3 Ne7 23. h4 gxh4 24. Ne2 Nf5 25. Bxf5 exf5 26. Bxh6 Ne4 27. Qf4 Bxh6 28. Qxh6 Rc6 29. Qh5 Kg7 30. Nf4 Rxc3 31. Ne3 Qc8 32. Rxc3 Qxc3 33. Rd1 Qb2 34. Rf1 Qxd4 35. Qxf5 Qxe3 36. Qxd7 Qxf4 37. Qxe8 h3 38. gxh3 Qg5+ 39. Kh1 Qf5 40. Rg1+ Kf6 41. Qh8+ Ke7 42. Qh4+ Kd6 43. Kg2 Qg6+ 44. Qg4 Qf6 45. Rf1 Qb2 46. Qf4+ Ke6 47. Qc7 Qxa2 48. Qc8+ Ke5 49. Qxb7 f6 50. Qb8+ Kf5 51. Qb6 Qc2 52. Ra1 Nc5 53. b4 Qe4+ 54. Kg1 Ne6 55. Qe3 Qxb4 56. Rxa6 Nf4 57. Kh2 Qb7 58. Ra1 Qb2 59. Rd1 Qb8 60. Qg3 Qb4 61. Qe3 Qb8 62. Qf3 Ke6 63. Qg4+ f5 64. Re1+ Kf6 65. Qh4+ Kg6 66. Rg1+ Kf7 67. Qh7+ Ke6 68. Re1+ Ne2+ 69. Kg2 Qe5 70. Kf1 1-0

[Event "EWICC 2019"]
[Site "Antalya"]
[Date "2019.04.16"]
[Round "6.11"]
[White "Bodnaruk, Anastasia"]
[Black "Garifullina, Leya"]
[Result "1-0"]
[WhiteElo "2427"]
[BlackElo "2085"]
[Annotator "NA"]
[PlyCount "83"]
[EventDate "2019.04.11"]
[EventType "swiss"]
[EventCountry "TUR"]
[SourceTitle "playchess.com"]
[Source "ChessBase"]
[SourceQuality "1"]

1. e4 c5 2. Nf3 d6 3. d4 cxd4 4. Nxd4 Nf6 5. Nc3 a6 6. Be2 e5 7. Nb3 Be7 8. O-O O-O 9. Kh1 b6 10. Be3 Bb7 11. f3 b5 12. a4 b4 13. Nd5 Nxd5 14. exd5 Nd7 15. c4 bxc3 16. bxc3 Qc7 17. c4 Rab8 18. Rb1 Nb6 19. Nd2 Nd7 20. a5 Ba8 21. Qa4 g6 22. g3 Rfe8 23. Bb6 Nxb6 24. axb6 Qc5 25. b7 Bxb7 26. Rxb7 Qe3 27. Qb3 Qxe2 28. Rxb8 Rxb8 29. Qxb8+ Bf8 30. Qb2 Bh6 31. f4 e4 32. Qc1 e3 33. Nf3 Bg7 34. c5 dxc5 35. d6 Qd3 36. Qd1 c4 37. d7 Bf6 38. Qxd3 cxd3 39. Rd1 d2 40. Nxd2 exd2 41. Rxd2 Bd8 42. Re2 1-0

[Event "EWICC 2019"]
[Site "Antalya"]
[Date "2019.04.16"]
[Round "6.12"]
[White "Fataliyeva, Ulviyya"]
[Black "Houska, Jovanka"]
[Result "1-0"]
[WhiteElo "2266"]
[BlackElo "2426"]
[Annotator "TA"]
[PlyCount "149"]
[EventDate "2019.04.11"]
[EventType "swiss"]
[EventCountry "TUR"]
[SourceTitle "playchess.com"]
[Source "ChessBase"]
[SourceQuality "1"]

1. d4 Nf6 2. c4 e6 3. Nc3 d5 4. cxd5 exd5 5. Bg5 Be7 6. Nf3 c6 7. Qc2 g6 8. Ne5 Bf5 9. Qd2 Nbd7 10. Bxf6 Bxf6 11. Nxd7 Bxd7 12. e3 O-O 13. Be2 Qe7 14. O-O b6 15. Rfc1 Rfd8 16. Ba6 Rab8 17. Rab1 Qd6 18. Be2 a5 19. Na4 Be7 20. a3 Qf6 21. Qd1 c5 22. dxc5 Bxa4 23. Qxa4 bxc5 24. Rc2 Qf5 25. Rd1 Qe5 26. Qf4 Qxf4 27. exf4 Rb6 28. Bf3 d4 29. Be2 Rdb8 30. Rdd2 g5 31. f5 Bd6 32. Bc4 Kg7 33. g3 Kf6 34. Kf1 R6b7 35. Bd3 Rb3 36. Ke1 g4 37. Kd1 Bf8 38. Bc4 R3b7 39. Bd5 Rd7 40. Bc6 Rc7 41. Be4 Re7 42. Bd3 Re5 43. Re2 Rd5 44. Re4 h5 45. h3 Kg5 46. hxg4 hxg4 47. Rce2 Rdd8 48. Kc2 Bg7 49. Rf4 c4 50. Bxc4 d3+ 51. Bxd3 Rxb2+ 52. Kc1 Rb3 53. f6 Rbxd3 54. fxg7 f6 55. Ree4 Kh6 56. Rxg4 Rg8 57. Ref4 Rxg7 58. Rxf6+ Kh7 59. Rxg7+ Kxg7 60. Rf5 Rxa3 61. Kb2 Ra4 62. f3 Kg6 63. Rd5 Kf6 64. Rb5 Ke6 65. Kb3 Ra1 66. Kc4 Rg1 67. Rb6+ Kf5 68. g4+ Kf4 69. Rf6+ Ke3 70. Kb5 Ra1 71. Rf5 Kd4 72. g5 Kc3 73. Rf4 Rd1 74. g6 Kb3 75. g7 1-0

[Event "EWICC 2019"]
[Site "Antalya"]
[Date "2019.04.16"]
[Round "6.13"]
[White "Guseva, Marina"]
[Black "Sandu, Mihaela"]
[Result "0-1"]
[WhiteElo "2404"]
[BlackElo "2278"]
[Annotator "NA"]
[PlyCount "82"]
[EventDate "2019.04.11"]
[EventType "swiss"]
[EventCountry "TUR"]
[SourceTitle "playchess.com"]
[Source "ChessBase"]
[SourceQuality "1"]

1. d4 Nf6 2. c4 g6 3. Nf3 Bg7 4. g3 O-O 5. Bg2 d6 6. O-O Nc6 7. Nc3 a6 8. e3 Rb8 9. Qe2 b5 10. Rd1 bxc4 11. Qxc4 Na5 12. Qa4 c6 13. b3 c5 14. Bd2 Qb6 15. dxc5 Qxc5 16. Ne2 Nb7 17. Qxa6 Ne4 18. Rac1 Qf5 19. Qa7 Nbc5 20. Be1 Bb7 21. Nfd4 Bxd4 22. Nxd4 Qf6 23. b4 Ne6 24. Nxe6 fxe6 25. Qd4 e5 26. Qc4+ e6 27. Qe2 Rbc8 28. a4 d5 29. Bxe4 dxe4 30. b5 Bd5 31. Rxc8 Rxc8 32. a5 Bc4 33. Qc2 Qf5 34. f4 exf4 35. exf4 Qc5+ 36. Kh1 Qxb5 37. Qc3 e3 38. Qxe3 Bb3 39. Bc3 Qc6+ 40. Kg1 Bxd1 41. Bd4 Bg4 0-1

[Event "EWICC 2019"]
[Site "Antalya"]
[Date "2019.04.16"]
[Round "6.14"]
[White "Paramzina, Anastasya"]
[Black "Arabidze, Meri"]
[Result "1-0"]
[WhiteElo "2214"]
[BlackElo "2399"]
[Annotator "TA"]
[PlyCount "131"]
[EventDate "2019.04.11"]
[EventType "swiss"]
[EventCountry "TUR"]
[SourceTitle "playchess.com"]
[Source "ChessBase"]
[SourceQuality "1"]

1. e4 e5 2. Nf3 Nc6 3. Bc4 Nf6 4. d3 Be7 5. O-O O-O 6. Re1 d6 7. a4 Be6 8. Na3 Qd7 9. c3 h6 10. b4 a6 11. Bb2 Rfe8 12. b5 Na5 13. Bxe6 Qxe6 14. c4 Nd7 15. Bc3 axb5 16. axb5 Nc5 17. Nc2 Nab3 18. Rb1 Bd8 19. Ne3 Na5 20. Re2 g6 21. Ra2 b6 22. Re2 Kh7 23. Qc2 f6 24. Ne1 Qf7 25. g3 Ne6 26. N1g2 f5 27. exf5 gxf5 28. f4 exf4 29. Nxf4 Nxf4 30. gxf4 Bf6 31. Rbe1 Rg8+ 32. Kh1 Bxc3 33. Qxc3 Qh5 34. Rf2 Rg7 35. Nd5 Qg6 36. Rfe2 Rf8 37. Qb2 Qh5 38. Rg2 Rxg2 39. Qxg2 Rf7 40. Rg1 Qg4 41. Qf1 Qh4 42. Qg2 Qg4 43. Qxg4 fxg4 44. Rxg4 Nb3 45. Kg2 Nc1 46. Nb4 d5 47. Kf3 dxc4 48. dxc4 Nb3 49. Ke4 Na5 50. Kd4 h5 51. Rh4 Kg6 52. Nd5 Nb3+ 53. Ke5 Nd2 54. Ke6 Nf3 55. Rh3 Nd4+ 56. Ke5 Nf5 57. Rc3 h4 58. Rc1 Nd6 59. Ke6 Kh6 60. Nxc7 Rxc7 61. Kxd6 Rc5 62. Ke6 Rc8 63. Rc2 Kh5 64. f5 Re8+ 65. Kd7 Re5 66. Rf2 1-0

[Event "EWICC 2019"]
[Site "Antalya"]
[Date "2019.04.16"]
[Round "6.15"]
[White "Girya, Olga"]
[Black "Caglar, Sila"]
[Result "1/2-1/2"]
[WhiteElo "2461"]
[BlackElo "2140"]
[Annotator "ChessBase"]
[PlyCount "107"]
[EventDate "2019.04.11"]
[EventType "swiss"]
[EventCountry "TUR"]
[SourceTitle "playchess.com"]
[Source "ChessBase"]
[SourceQuality "1"]

1. d4 d5 2. c4 e6 3. Nf3 Nf6 4. Bg5 dxc4 5. e4 a6 6. Bxc4 b5 7. Bd3 Be7 8. a4 b4 9. O-O Bb7 10. Nbd2 h6 11. Bh4 g5 12. Bg3 c5 13. Rc1 Nc6 14. Nb3 cxd4 15. Nfxd4 Nxd4 16. Nxd4 O-O 17. Nc6 Bxc6 18. Rxc6 Rc8 19. Rxc8 Qxc8 20. Qe2 Rd8 21. e5 Nd7 22. Bxa6 Qa8 23. Bb5 Nc5 24. f3 Nb3 25. Bf2 Rd2 26. Qc4 Qd5 27. Qxd5 exd5 28. Rb1 Rc2 29. Bd3 Rd2 30. Bb5 Rc2 31. Bd3 Rd2 32. Bf5 Re2 33. Rd1 d4 34. Be4 Rxb2 35. Bd5 d3 36. e6 fxe6 37. Bxe6+ Kf8 38. Bc4 Nc5 39. a5 b3 40. a6 Ra2 41. Kf1 Nxa6 42. Bxb3 Ra3 43. Bc4 Nb4 44. Bd4 Nc2 45. Bb6 Nb4 46. Bd4 Nc2 47. Bf2 Nb4 48. Be1 Nc2 49. Bd2 Bc5 50. Bc1 Ne3+ 51. Bxe3 Bxe3 52. Bxd3 Rc3 53. Ke2 Rc1 54. Rxc1 1/2-1/2

[Event "EWICC 2019"]
[Site "Antalya"]
[Date "2019.04.16"]
[Round "6.16"]
[White "Khukhashvili, Sopiko"]
[Black "Stefanova, Antoaneta"]
[Result "1-0"]
[WhiteElo "2342"]
[BlackElo "2464"]
[Annotator "ChessBase"]
[PlyCount "95"]
[EventDate "2019.04.11"]
[EventType "swiss"]
[EventCountry "TUR"]
[SourceTitle "playchess.com"]
[Source "ChessBase"]
[SourceQuality "1"]

1. e4 e5 2. Nf3 Nc6 3. Nc3 Nf6 4. Bb5 Bd6 5. d3 h6 6. a3 a6 7. Bc4 Bc5 8. h3 d6 9. Be3 b5 10. Bd5 Nxd5 11. Nxd5 O-O 12. b4 Bxe3 13. fxe3 f5 14. O-O Be6 15. Nd2 Bxd5 16. exd5 Ne7 17. c4 c6 18. e4 Qb6+ 19. Kh2 fxe4 20. Qg4 Kh8 21. Qe6 Rxf1 22. Rxf1 e3 23. Ne4 e2 24. Re1 cxd5 25. c5 Qa7 26. Nxd6 Nc6 27. Qxd5 Qc7 28. Rxe2 Rf8 29. Re3 Rf4 30. Rg3 Qd7 31. Rf3 Rxf3 32. Qxf3 Kh7 33. Qe4+ g6 34. Qd5 Kg7 35. g4 Kf8 36. Kg3 h5 37. Qf3+ Kg7 38. g5 Qe7 39. Qxc6 Qxg5+ 40. Kf3 Qf4+ 41. Ke2 Qh2+ 42. Kd1 Qg1+ 43. Kc2 Qf2+ 44. Kb3 Qe2 45. Qd7+ Kg8 46. Ne4 Qd1+ 47. Kb2 Qe2+ 48. Kc3 1-0